000 00550nam a2200229Ia 4500
003 OSt
005 20220918191239.0
006 a|||||r|||| 00| 0
007 ta
008 220917b |||||||| |||| 00| 0 eng d
024 _a62,243
037 _cTextual
040 _aARTS
_cARTS
_beng
041 _2eng
_aeng
082 _aQ43:22522, J6
100 _aBryner E
_975445
245 0 _aThirteen Tibetan tankas
260 _c1956
650 _aRELIGION
942 _hQ43:22522, J6
_cTEXL
_2CC
999 _c188951
_d188951